7 свјетских чуда старог свијета - Statistics

General Stats
  • This quiz has been taken 488 times
  • The average score is 3 of 7
Answer Stats
одговори % Correct
Велика {пирамида} у Гизи
95%
{Колос} са Родоса
56%
{Висећи вртови} из Вавилона
44%
{Свјетионик} у Александрији
43%
{Статуа Зевса} у Олимпији
20%
{Артемидин храм} у Ефесу
16%
{Маузолеј} у Хеликарнасу
16%
No matching quizzes found
Score Distribution
Percent of People with Each Score
Percentile by Number Answered
Your Score History
You have not taken this quiz